000 00285nam a2200109Ia 4500
001 1261812
005 20260417140359.0
008 260417s9999 xx 000 0 und d
020 _a9786253692834
245 0 _aŞarkını Söylediğin Zaman
_cİnci Aral
260 _bEverest Yayınları
999 _c1261812
_d1261812